<?xml version="1.0" encoding="UTF-8"?>
<record
    xmlns:xsi="http://www.w3.org/2001/XMLSchema-instance"
    xsi:schemaLocation="http://www.loc.gov/MARC21/slim http://www.loc.gov/standards/marcxml/schema/MARC21slim.xsd"
    xmlns="http://www.loc.gov/MARC21/slim">

  <leader>00971nam a22002057a 4500</leader>
  <controlfield tag="003">BD-DhUL</controlfield>
  <controlfield tag="005">20180711114330.0</controlfield>
  <controlfield tag="008">180704s1999    ir ||||| |||| 00| 0 per d</controlfield>
  <datafield tag="040" ind1=" " ind2=" ">
    <subfield code="a">BD-DhUL</subfield>
    <subfield code="c">BD-DhUL</subfield>
  </datafield>
  <datafield tag="082" ind1=" " ind2=" ">
    <subfield code="2">23</subfield>
    <subfield code="a">016.891551</subfield>
    <subfield code="b">FAR</subfield>
  </datafield>
  <datafield tag="245" ind1="1" ind2="0">
    <subfield code="a">&#x641;&#x631;&#x6BE;&#x646;&#x6AF; &#x648;&#x627;&#x698;&#x6C1; &#x646;&#x645;&#x627;&#x6CC; &#x63A;&#x632;&#x644;&#x6CC;&#x627;&#x62A; &#x633;&#x639;&#x62F;&#x6CC; : </subfield>
    <subfield code="b">&#x628;&#x647; &#x627;&#x646;&#x636;&#x645;&#x627;&#x645; &#x641;&#x631;&#x6BE;&#x646;&#x6AF; &#x628;&#x633;&#x627;&#x645;&#x62F;&#x6CC; : (&#x628;&#x631;&#x627;&#x633;&#x627;&#x633; &#x645;&#x62A;&#x646; &#x63A;&#x632;&#x644;&#x6CC;&#x627;&#x62A; &#x633;&#x639;&#x62F;&#x6CC;&#x60C; &#x62A;&#x635;&#x62D;&#x6CC;&#x62D; &#x62D;&#x628;&#x6CC;&#x628; &#x6CC;&#x63A;&#x645;&#x627;&#x626;) : &#x62E;-&#x639; : &#x62C;&#x644;&#x62F; &#x6F2; /  </subfield>
    <subfield code="c">&#x645;&#x6BE;&#x6CC;&#x646; &#x62F;&#x62E;&#x62A; &#x635;&#x62F;&#x6CC;&#x642;&#x6CC;&#x627;&#x646;&#x6D4; </subfield>
  </datafield>
  <datafield tag="246" ind1=" " ind2=" ">
    <subfield code="a">Farhang-e W&#x101;zhahnum&#x101;-e Ghazaliy&#x101;t-e Sa'd&#x12B; = A concordance to Sa'di's Ghazals : based on the critical edition by Habib Yaghmai : vol. 2</subfield>
  </datafield>
  <datafield tag="250" ind1=" " ind2=" ">
    <subfield code="a">&#x6F1; &#x637;&#x6D4;</subfield>
  </datafield>
  <datafield tag="260" ind1=" " ind2=" ">
    <subfield code="a">&#x62A;&#x6C1;&#x631;&#x627;&#x646; :</subfield>
    <subfield code="b">&#x67E;&#x698;&#x648;&#x6BE;&#x634;&#x6AF;&#x627;&#x6C1; &#x639;&#x644;&#x648;&#x645; &#x627;&#x646;&#x633;&#x627;&#x646;&#x6CC; &#x648; &#x645;&#x637;&#x627;&#x644;&#x639;&#x627;&#x62A; &#x641;&#x631;&#x6BE;&#x646;&#x6AF;&#x6CC;&#x60C;</subfield>
    <subfield code="c">&#x6F1;&#x6F9;&#x6F9;&#x6F9;&#x6D4;</subfield>
  </datafield>
  <datafield tag="300" ind1=" " ind2=" ">
    <subfield code="a">&#x62C;&#x644;&#x62F; &#x6F2; &#x61B;</subfield>
    <subfield code="c"> &#x6F2;&#x6F3; &#x633;&#x645;&#x6D4;</subfield>
  </datafield>
  <datafield tag="650" ind1=" " ind2="4">
    <subfield code="a">Sa'di  </subfield>
    <subfield code="x">Concordances.</subfield>
  </datafield>
  <datafield tag="650" ind1=" " ind2="4">
    <subfield code="a">Persian poetry.</subfield>
  </datafield>
  <datafield tag="700" ind1="1" ind2="0">
    <subfield code="a">&#x635;&#x62F;&#x6CC;&#x642;&#x6CC;&#x627;&#x646;&#x60C; &#x645;&#x6BE;&#x6CC;&#x646; &#x62F;&#x62E;&#x62A;&#x6D4;</subfield>
    <subfield code="e">Compiler</subfield>
  </datafield>
  <datafield tag="942" ind1=" " ind2=" ">
    <subfield code="2">ddc</subfield>
    <subfield code="c">BK</subfield>
  </datafield>
  <datafield tag="999" ind1=" " ind2=" ">
    <subfield code="c">242263</subfield>
    <subfield code="d">242263</subfield>
  </datafield>
  <datafield tag="952" ind1=" " ind2=" ">
    <subfield code="0">0</subfield>
    <subfield code="1">0</subfield>
    <subfield code="2">ddc</subfield>
    <subfield code="4">0</subfield>
    <subfield code="6">016_891551000000000_FAR</subfield>
    <subfield code="7">0</subfield>
    <subfield code="8">NFIC</subfield>
    <subfield code="9">367480</subfield>
    <subfield code="a">DUL</subfield>
    <subfield code="b">DUL</subfield>
    <subfield code="c">GEN</subfield>
    <subfield code="d">2018-07-04</subfield>
    <subfield code="e">Gift</subfield>
    <subfield code="o">016.891551 FAR</subfield>
    <subfield code="p">447433</subfield>
    <subfield code="r">2018-07-04</subfield>
    <subfield code="w">2018-07-04</subfield>
    <subfield code="y">BK</subfield>
  </datafield>
</record>
